Music Quiz

Random Music Quiz

At Seventeen Lyrics Quiz Stats

 Plays Quiz not verified by Sporcle

Support Sporcle.
Go Orange.
Score 0/269 Timer 10:00
0 Plays Today
Lyrics % Correct
A
97.1%
a
97.1%
I
92.1%
I
92.1%
I
92.1%
I
92.1%
seventeen,
88.3%
seventeen
88.3%
seventeen.
88.3%
seventeen.
88.3%
seventeen.
88.3%
the
88%
The
88%
the
88%
the
88%
the
88%
the
88%
the
88%
the
88%
the
88%
the
88%
the
88%
the
88%
the
88%
the
88%
the
88%
love
87.7%
love
87.7%
at
86%
At
86%
at
86%
at
86%
at
86%
you
86%
at
86%
at
86%
at
86%
at
86%
and
85.4%
and
85.4%
And
85.4%
me,'
85.4%
and
85.4%
And
85.4%
and
85.4%
and
85.4%
and
85.4%
and
85.4%
and
85.4%
me.
85.4%
and
85.4%
and
85.4%
me,'
85.4%
and
85.4%
me,
85.4%
to
84.8%
to
83.9%
To
83.9%
to
83.9%
to
83.9%
on
83.6%
on
83.6%
on
83.6%
for
83.3%
for
83.3%
for
83.3%
for
83.3%
learned
82.7%
was
82.7%
learned
82.7%
was
82.7%
was
82.7%
in
82.5%
in
82.5%
in
82.5%
that
82.2%
that
82.2%
that
82.2%
truth
81.9%
truth.
81.9%
We
81.9%
we
81.9%
who
81.6%
who
81.6%
who
81.6%
who
81.6%
who
81.6%
beauty
81%
of
81%
of
81%
Lyrics % Correct
of
81%
of
81%
of
81%
of
81%
with
80.7%
with
80.7%
with
80.7%
girl
80.7%
with
80.7%
with
80.7%
with
80.7%
girls
79.8%
queen
79.8%
girls
79.8%
girls
79.8%
queens
79.5%
say
79.5%
say
79.5%
those
79.2%
those
79.2%
Those
79.2%
those
79.2%
those
79.2%
never
78.7%
never
78.7%
never
78.7%
never
78.7%
phone,
78.4%
'Come
78.4%
phone,
78.4%
'Come
78.4%
us
78.1%
us
78.1%
meant
77.8%
all
77.8%
all
77.8%
all
77.8%
lovers
77.5%
dance
77.5%
lovers
77.5%
dance
77.5%
called
77.2%
then
76.9%
were
76.3%
were
76.3%
were
76.3%
inventing
75.4%
It
75.4%
it
75.4%
It
75.4%
inventing
75.4%
young
74.9%
They
74.6%
they
74.6%
they
74.6%
they
74.6%
faces,
73.7%
call
73.7%
home,
73.4%
smiles,
73.1%
retired.
72.8%
knew,
72.8%
name
72.8%
what
72.8%
what
72.8%
when
72.8%
knew
72.8%
when
72.8%
when
72.8%
clear
72.5%
married
72.2%
social
71.3%
graces,
71.1%
game
71.1%
game,
71.1%
whose
70.8%
could
70.8%
whose
70.8%
skinned
69.9%
lacking
69.9%
one
69.6%
night
69%
like
68.7%
like
68.7%
ugly
68.1%
ugly
68.1%
valentines
67.8%
valentines
67.8%
seems
66.7%
pronounce,
66.4%
Lyrics % Correct
called
66.4%
ravaged
66.1%
isn't
66.1%
play
65.5%
only
64.6%
high
64.3%
Friday
64%
youth
63.7%
basketball.
63.7%
school
63.5%
get
63.5%
came,
63.5%
sides
63.5%
charades
63.2%
choosing
63.2%
said
62.9%
she
62.6%
deserve.'
62.3%
duckling
62.3%
names
61.7%
ourselves
61.4%
more
60.8%
spent
60.5%
cheat
60.5%
beautiful.
59.9%
vague
59.9%
vague
59.9%
brown
59.6%
gain,
59.4%
dare
59.4%
eyed
59.1%
than
59.1%
lose
58.8%
ones
58.2%
away;
58.2%
world
57.9%
murmur
57.6%
obscenities.
57.3%
please
57.3%
far
57.3%
solitaire,
57.3%
hand-me-downs,
57%
hometown
57%
into
57%
needs,
56.7%
sought
56.7%
long
56.7%
today,
56.7%
eyes
56.4%
obscenities
55.8%
rich
55.6%
ago
55.6%
marries
55.3%
received,
55.3%
win
55%
serve.
54.1%
remained
53.2%
elderly.
53.2%
small
52.9%
payment
52.6%
younger
52.6%
town
52.3%
pain
52.3%
murmured
52%
accounts
51.5%
due
51.2%
exceeds
50.9%
guarantee
50.3%
will
50.3%
haven
48.8%
relationed
48.5%
desperately
48.2%
'Pity
46.8%
dubious
46.8%
integrity.
46.5%
unknown,
46.5%
company
46.2%
surprise
43.9%
gape
42.4%
dull
42.4%
lives
41.5%
gave
40.4%
free
40.1%
dreams
38.3%
quality,
33.9%
other
33%
repenting
30.4%
Remember
27.2%
debentures
22.8%

You're not logged in!

Compare scores with friends on all Sporcle quizzes.
OR
Log In

From the Vault

MLS Teams

by Ben

David Beckham's contract gives him the highest salary of any MLS player in history, do you know who he plays for?
Remove Ads.
Support Sporcle.
Get the best of Sporcle when you Go Orange. This ad-free experience offers more features, more stats, and more fun while also helping to support Sporcle. Thank you for becoming a member.

Show Comments

Extras

Created Sep 18, 2013ReportNominate
Tags:Seventeen

Top Quizzes Today


Score Distribution

Your Account Isn't Verified!

In order to create a playlist on Sporcle, you need to verify the email address you used during registration. Go to your Sporcle Settings to finish the process.

Report this User

Report this user for behavior that violates our Community Guidelines.

Details: